| 000 | 00510nam a22001817a 4500 | ||
|---|---|---|---|
| 003 | CEME | ||
| 005 | 20210628203231.0 | ||
| 008 | 210302b xxu||||| |||| 00| 0 eng d | ||
| 020 | _a1-86064-622-0 | ||
| 040 | _c. | ||
| 082 | _a956.7 FAR | ||
| 100 |
_aFarouk-Sluglett, Marion, Sluglett, Peter _964156 |
||
| 245 | _aIraq since 1958, from revolution to dictatorship | ||
| 260 |
_aNEW YORK _bI.B TAURIS _c2001 |
||
| 300 | _aXV,390P | ||
| 650 |
_aIRAQ FROM REVOLUTION TO DICTATORSHIP _964157 |
||
| 942 |
_cBK _2ddc |
||
| 999 |
_c572755 _d572755 |
||